003090000a22001210004500020001800000041000800018082001600026100003800042245005200080260003700132300001200169001000600181 a84-8280-399-90 aSPA04aG 863 C313m1 aCarrasquilla, Tomás (1858-1940)10aLa marquesa de Yolombó / Tomás Carrasquilla aBogotá, Colombia : Oveja Negra a319 Pag10952